Dove giocava nel 2010-2011? - Quiz n°50 - Statistics

Statistiche generali
  • Questo quiz è stato fatto 35 volte
  • Il punteggio medio è 6 su 10
Statistiche sulle risposte
Hint Risposta % Corretto
Thomas Müller Bayern Monaco
85%
Xherdan Shaqiri Basilea
77%
Rafael Tolói Goiás
69%
Arda Turan Galatasaray
65%
Isco Valencia
65%
Marc Albrighton Aston Villa
62%
Fernando Torresf Liverpool
62%
Dejan Lovren Olympique Lione
35%
Wissam Ben Yedder Tolosa
35%
Eliaquim Mangala Standard Liegi
12%
Nessun quiz corrispondente trovato
Distribuzione punteggi
Percentuale di utenti per punteggio
Percentile per numero di risposta
I tuoi punteggi nel tempo
Non hai fatto questo quiz